| 000 | 00514nam a2200181Ia 4500 | ||
|---|---|---|---|
| 003 | GCL | ||
| 005 | 20240530095532.0 | ||
| 008 | 140319s9999 xx 000 0 ara d | ||
| 040 |
_aGCL / _cGCL |
||
| 082 | 0 | 4 |
_a912.6211 _bق/م أ |
| 100 | 1 | _aمصطفى الفضالى | |
| 245 | 1 | 0 |
_aاطلس الاسكندرية / _cمصطفى الفضالى |
| 260 |
_a[S.N] : _bد. ن ، _c2005 |
||
| 300 |
_a ؛ _c32 سم |
||
| 650 | 0 | 4 | _aالاطالس |
| 650 | 0 | 4 | _aالاسكندرية - الخرائط |
| 942 |
_2ddc _cBK |
||
| 999 |
_c8155 _d8155 |
||